| 000 | 02097nam0a2200469 4500 | ||
|---|---|---|---|
| 001 | RU\NLR\bibl\878610 | ||
| 005 | 20260408152629.0 | ||
| 010 |
_a5-7516-0528-4 _bв пер. _93000 |
||
| 021 |
_aRU _b2005-49678 _92417 |
||
| 035 | _a(nilc)RSL-KNO-002691431 | ||
| 035 | _a(NLR Aleph) 000867191 | ||
| 090 |
_a1576714 _c1576714 |
||
| 100 | _a20050802d2005 |||y0rusy50 ca | ||
| 101 | 1 |
_arus _ceng |
|
| 102 | _aRU | ||
| 105 | _aa ||||||||| | ||
| 106 | _ar | ||
| 200 | 1 |
_aЧерный сад _eАрмения и Азербайджан между миром и войной _fТомас де Ваал _gпер. с англ. О. Алякринского |
|
| 210 |
_aМ. _cТекст _d2005 _gОАО Можайский полигр. комб. |
||
| 215 |
_a411, [2] с., [8] л. ил., портр. _d21 |
||
| 300 | _aЗагл. и авт. ориг.: Blak garden / Tomas de Waal | ||
| 300 | _aНа 4-й с. авт.: Т. де Ваал журн. | ||
| 320 | _aБиблиогр. в тексте примеч. | ||
| 320 | _aДр. работы авт. на 4-й с. обл. | ||
| 454 | 0 |
_12001#$aBlak garden _1700#1$3RU\NLR\auth\7733868$7ba$aWaal$bT. de$gThomas de$4070 _tBlak garden _aWaal, Thomas de |
|
| 606 |
_aАзербайджано-армянский конфликт _3RU\NLR\auth\6614157 _9913079 |
||
| 610 | 0 | _aИстория. Исторические науки -- Азербайджан -- 1992 - -- Внешняя политика -- Отношения с отдельными странами -- Армения | |
| 686 |
_aТ3(2А)64-643(2Ар),02 _2rubbk |
||
| 686 |
_aТ3(2Ар)64-643(2А),02 _2rubbk |
||
| 686 |
_aЦ35(2)73(2А-6Н) _2rubbk |
||
| 686 | _aТ3(5Аз)74-64(5Ар) | ||
| 686 | _aТ3(5Ар)74-64(5Аз) | ||
| 700 | 1 |
_4070 _8rus _7ca _aВаал _bТ. де _gТомас де _3RU\NLR\auth\7733867 _916874 |
|
| 801 | 0 |
_aRU _bRuMoRKP _c20050802 _grcr |
|
| 801 | 1 |
_aRU _bRuMoRGB _c20050802 |
|
| 801 | 2 |
_aRU _bNLR _c20051125 _grcr |
|
| 852 |
_aNLR _bОНЛ _j2005-3/35010 |
||
| 852 |
_aNLR _bОНЛ _j2005-3/35010 |
||
| 942 | _cBOOK | ||
| 980 | _aNB | ||